| 000 | 01265nam a2200313 c 4500 | ||
|---|---|---|---|
| 003 | BLK | ||
| 005 | 20230510131856.0 | ||
| 008 | 180409b bul|||||r ||||||| ||bul|| | ||
| 010 | _aKNG00145462000 | ||
| 040 | _aBLK | ||
| 041 |
_aBUL _cBUL |
||
| 080 |
_aБългарска литература _b821.163.2 _x-93-1 _z821.163.2-93-1 |
||
| 100 | 1 |
_aДушков, Атанас Гаврилов _eпърви автор _9365078 |
|
| 700 | 1 |
_aЯнков, Николай _eпредг. от _9364665 |
|
| 139 |
_aДушков, Атанас Гаврилов _bД 94 |
||
| 245 | 1 | 0 |
_aКладенче _bИзбрани стихове за деца _cАтанас Гаврилов Душков; предг. от Николай Янков. |
| 257 | _aBGR | ||
| 260 |
_аСофия _bБълг. писател _c1979 |
||
| 300 |
_a156 с., 8 л. _bпортр., ил. _c22 см |
||
| 380 | _aDX | ||
| 500 | _a4 113 тир. | ||
| 653 | _aдетска литература | ||
| 653 | _aлитература за деца | ||
| 852 | _aЦб 260776 | ||
| 856 | 4 |
_qpdf _u |
|
| 856 | 4 |
_qpdf _u |
|
| 942 |
_cKNG _n0 _01 |
||
| 944 |
_aCR _c10.07.2013 _l10.07.2013 - от С1,Р / 10.07.2013 _kРадинела_Гицова |
||
| 944 |
_aED _c19.09.2017 _l10.07.2013 - от С1,Р / 10.07.2013 _kХристина_Везирева |
||
| 999 |
_c139418 _d139418 |
||